| 000 | 00426nam a2200169Ia 4500 | ||
|---|---|---|---|
| 003 | LK-CoDNM | ||
| 005 | 20240925092810.0 | ||
| 008 | 010623t1851 xxu||||| |||| 00| 1 eng d | ||
| 040 |
_aLK-CoDNM _dLK-CoDNM _eLK-CoDNM |
||
| 041 | _aeng | ||
| 080 |
_a22 _bA29 |
||
| 245 | _aCeylon and the Government of Lord Torrington | ||
| 260 |
_bJames madden _aLondon _c1851 |
||
| 300 | _b34p. ; 22 cm | ||
| 650 | _aMysterious | ||
| 942 | _cBK | ||
| 999 |
_c81312 _d81312 |
||